书目信息 |
| 题名: |
装配式大板居住建筑结构设计和施工暂行规定
|
|
| 作者: | ;国家基本建设委员会建筑科学研究院 | |
| 分册: | J78-1 | |
| 出版信息: | 北京 中国建筑工业出版社 1979 |
|
| 页数: | 86页 | |
| 开本: | 18cm | |
| 丛书名: | ||
| 单 册: | ||
| 中图分类: | TU364-65 | |
| 科图分类: | ||
| 主题词: | 土结构 , 砖石结构 , 竹结构 , 木结构 , 砌块结构 | |
| 电子资源: | ||
| ISBN: | ||
| 000 | 00860nam0 2200241 450 | |
| 001 | 0640094611 | |
| 005 | 20060725111056.76 | |
| 010 | @dCNY0.24 | |
| 100 | @a20060725d1979 km y0chiy0120 ea | |
| 101 | 0 | @achi |
| 102 | @aCN@b110000 | |
| 200 | 1 | @a装配式大板居住建筑结构设计和施工暂行规定@Azhuang pei shi da ban ju zhu jian zhu jie gou she ji he shi gong zan xing gui ding@f国家基本建设委员会建筑科学研究院@Fguo jia ji ben jian she wei yuan hui jian zhu ke xue yan jiu yuan@hJ78-1 |
| 210 | @a北京@c中国建筑工业出版社@d1979 | |
| 215 | @a86页@d18cm | |
| 606 | 0 | @a土结构 |
| 606 | 0 | @a砖石结构 |
| 606 | 0 | @a竹结构 |
| 606 | 0 | @a木结构 |
| 606 | 0 | @a砌块结构 |
| 690 | @aTU364-65@v3 | |
| 711 | 0 | @a国家基本建设委员会建筑科学研究院@Aguo jia ji ben jian she wei yuan hui jian zhu ke xue yan jiu yuan |
| 801 | 0 | @aCN@bPFT@c20060725 |
| 905 | @a10447@dTU364-65@e244 | |
| 装配式大板居住建筑结构设计和施工暂行规定/国家基本建设委员会建筑科学研究院.J78-1.-北京:中国建筑工业出版社,1979 |
| 86页;18cm |
| ISBN :CNY0.24 |
| ● |
| 相关链接 |
|
|
|
|
正题名:装配式大板居住建筑结构设计和施工暂行规定
索取号:TU364-65/244
 
预约/预借
| 序号 | 登录号 | 条形码 | 馆藏地/架位号 | 状态 | 备注 |
| 1 | 0438378 | 204383782 | 密集书库/ [索取号:TU364-65/244] | 在馆 | |
| 2 | 0438379 | 204383791 | 密集书库/ [索取号:TU364-65/244] | 在馆 | |
| 3 | 0438380 | 204383808 | 密集书库/ [索取号:TU364-65/244] | 在馆 |